000 00894nam a2200265 a 4500
001 BRCA_7
005 20190320202836.0
008 980211s1997 mx-a---##b---#001-0#spa-#
041 _aspa
044 _amx
050 4 _aN6553
_b.R55 1997
100 1 _aRivero Lake, Rodrigo
_932
245 1 0 _aLa visión de un anticuario
_cRodrigo Rivero Lake ; presentación, Álvaro Mutis ; textos, Rodrigo Rivero Lake, Roberto Vallarino ; fotografía, Michel Zabé.
260 _aMéxico
_bAmérica Arte
_c1997
300 _a300 p.
_bil. (algunas a color)
_c35 cm.
500 _aIncuye índice onomástico
504 _aBibliografía : p. 292-296.
650 1 4 _aArte colonial
_zMéxico
_933
650 1 4 _aArte asiático
_934
650 1 4 _aArte
_vColeccionistas y colecciones
_zMéxico
_935
700 1 _aVallarino, Roberto
_936
700 1 _aMutis, Álvaro
_937
700 1 _aZabé, Michel
_938
942 _2lcc
_cB
999 _c7
_d7